<?xml version="1.0" encoding="UTF-8"?>
<record
    xmlns:xsi="http://www.w3.org/2001/XMLSchema-instance"
    xsi:schemaLocation="http://www.loc.gov/MARC21/slim http://www.loc.gov/standards/marcxml/schema/MARC21slim.xsd"
    xmlns="http://www.loc.gov/MARC21/slim">

  <leader>00978nam a22002297a 4500</leader>
  <controlfield tag="005">20170529103211.0</controlfield>
  <datafield tag="010" ind1=" " ind2=" ">
    <subfield code="a">1617EN ENG-116454</subfield>
  </datafield>
  <datafield tag="020" ind1=" " ind2=" ">
    <subfield code="a">9788123778471</subfield>
    <subfield code="c">260.00</subfield>
  </datafield>
  <datafield tag="035" ind1=" " ind2=" ">
    <subfield code="a">B-648371-379</subfield>
  </datafield>
  <datafield tag="035" ind1=" " ind2=" ">
    <subfield code="a">EN-99986</subfield>
  </datafield>
  <datafield tag="035" ind1=" " ind2=" ">
    <subfield code="a">B-664745</subfield>
  </datafield>
  <datafield tag="037" ind1=" " ind2=" ">
    <subfield code="b">Star</subfield>
    <subfield code="a">dpl</subfield>
  </datafield>
  <datafield tag="082" ind1=" " ind2=" ">
    <subfield code="a">891.4393</subfield>
  </datafield>
  <datafield tag="100" ind1=" " ind2=" ">
    <subfield code="a">Jeelani Bano</subfield>
  </datafield>
  <datafield tag="245" ind1=" " ind2=" ">
    <subfield code="a">Aiwan-e-ghazal /</subfield>
    <subfield code="c">by Jeelani Bano; translated by Zakia Mashhadi from urdu</subfield>
  </datafield>
  <datafield tag="260" ind1=" " ind2=" ">
    <subfield code="a">New Delhi </subfield>
    <subfield code="b">National Book Trust</subfield>
    <subfield code="c">2016</subfield>
  </datafield>
  <datafield tag="270" ind1=" " ind2=" ">
    <subfield code="a">Nehru Bhawan, 5 Institutional Area, Phase-II, Vasant Kunj, </subfield>
    <subfield code="b">New Delhi </subfield>
    <subfield code="e">110070</subfield>
  </datafield>
  <datafield tag="300" ind1=" " ind2=" ">
    <subfield code="a">359p.</subfield>
    <subfield code="c">22cm(pbk)</subfield>
  </datafield>
  <datafield tag="942" ind1=" " ind2=" ">
    <subfield code="2">ddc</subfield>
    <subfield code="c">EN</subfield>
    <subfield code="h">891.4393</subfield>
    <subfield code="m">JEE</subfield>
  </datafield>
  <datafield tag="999" ind1=" " ind2=" ">
    <subfield code="c">102142</subfield>
    <subfield code="d">102142</subfield>
  </datafield>
  <datafield tag="952" ind1=" " ind2=" ">
    <subfield code="0">0</subfield>
    <subfield code="1">0</subfield>
    <subfield code="4">0</subfield>
    <subfield code="7">0</subfield>
    <subfield code="8">NFIC</subfield>
    <subfield code="a">AV</subfield>
    <subfield code="b">AV</subfield>
    <subfield code="d">2016-11-16</subfield>
    <subfield code="e">DBAD/PUB</subfield>
    <subfield code="g">260.00</subfield>
    <subfield code="l">0</subfield>
    <subfield code="o">881 JEE</subfield>
    <subfield code="p">EN-99986</subfield>
    <subfield code="r">2016-11-21 00:00:00</subfield>
    <subfield code="t">1</subfield>
    <subfield code="v">260.00</subfield>
    <subfield code="y">EN</subfield>
  </datafield>
  <datafield tag="952" ind1=" " ind2=" ">
    <subfield code="0">0</subfield>
    <subfield code="1">0</subfield>
    <subfield code="4">0</subfield>
    <subfield code="7">0</subfield>
    <subfield code="8">NFIC</subfield>
    <subfield code="a">L</subfield>
    <subfield code="b">L</subfield>
    <subfield code="d">2017-04-03</subfield>
    <subfield code="e">BPPD/EN/2016-17/305/24.11.2016/SP/2166/7.12.2016/2.1.2017</subfield>
    <subfield code="g">260.00</subfield>
    <subfield code="l">6</subfield>
    <subfield code="m">3</subfield>
    <subfield code="o">891.4393 JEE</subfield>
    <subfield code="p">B-648371</subfield>
    <subfield code="r">2025-08-01 00:00:00</subfield>
    <subfield code="s">2025-06-25</subfield>
    <subfield code="t">1</subfield>
    <subfield code="v">260.00</subfield>
    <subfield code="y">EN</subfield>
  </datafield>
  <datafield tag="952" ind1=" " ind2=" ">
    <subfield code="0">0</subfield>
    <subfield code="1">0</subfield>
    <subfield code="4">0</subfield>
    <subfield code="7">0</subfield>
    <subfield code="8">NFIC</subfield>
    <subfield code="a">NPL</subfield>
    <subfield code="b">NPL</subfield>
    <subfield code="d">2017-04-03</subfield>
    <subfield code="e">BPPD/EN/2016-17/305/24.11.2016/SP/2166/7.12.2016/2.1.2017</subfield>
    <subfield code="g">260.00</subfield>
    <subfield code="l">0</subfield>
    <subfield code="o">891.4393 JEE</subfield>
    <subfield code="p">B-648372</subfield>
    <subfield code="r">2017-04-03 00:00:00</subfield>
    <subfield code="t">1</subfield>
    <subfield code="v">260.00</subfield>
    <subfield code="y">EN</subfield>
  </datafield>
  <datafield tag="952" ind1=" " ind2=" ">
    <subfield code="0">0</subfield>
    <subfield code="1">0</subfield>
    <subfield code="4">0</subfield>
    <subfield code="7">0</subfield>
    <subfield code="8">NFIC</subfield>
    <subfield code="a">BL1</subfield>
    <subfield code="b">BL1</subfield>
    <subfield code="d">2017-04-03</subfield>
    <subfield code="e">BPPD/EN/2016-17/305/24.11.2016/SP/2166/7.12.2016/2.1.2017</subfield>
    <subfield code="g">260.00</subfield>
    <subfield code="l">0</subfield>
    <subfield code="o">891.4393 JEE</subfield>
    <subfield code="p">B-648373</subfield>
    <subfield code="r">2017-04-03 00:00:00</subfield>
    <subfield code="t">1</subfield>
    <subfield code="v">260.00</subfield>
    <subfield code="y">EN</subfield>
  </datafield>
  <datafield tag="952" ind1=" " ind2=" ">
    <subfield code="0">0</subfield>
    <subfield code="1">0</subfield>
    <subfield code="4">0</subfield>
    <subfield code="7">0</subfield>
    <subfield code="8">NFIC</subfield>
    <subfield code="a">ZLS</subfield>
    <subfield code="b">ZLS</subfield>
    <subfield code="d">2017-04-03</subfield>
    <subfield code="e">BPPD/EN/2016-17/305/24.11.2016/SP/2166/7.12.2016/2.1.2017</subfield>
    <subfield code="g">260.00</subfield>
    <subfield code="l">2</subfield>
    <subfield code="o">891.4393 JEE</subfield>
    <subfield code="p">B-648374</subfield>
    <subfield code="r">2019-10-11 00:00:00</subfield>
    <subfield code="s">2019-10-05</subfield>
    <subfield code="t">1</subfield>
    <subfield code="v">260.00</subfield>
    <subfield code="y">EN</subfield>
  </datafield>
  <datafield tag="952" ind1=" " ind2=" ">
    <subfield code="0">0</subfield>
    <subfield code="1">0</subfield>
    <subfield code="4">0</subfield>
    <subfield code="7">0</subfield>
    <subfield code="8">NFIC</subfield>
    <subfield code="a">RKP</subfield>
    <subfield code="b">RKP</subfield>
    <subfield code="d">2017-04-03</subfield>
    <subfield code="e">BPPD/EN/2016-17/305/24.11.2016/SP/2166/7.12.2016/2.1.2017</subfield>
    <subfield code="g">260.00</subfield>
    <subfield code="l">0</subfield>
    <subfield code="o">891.4393 JEE</subfield>
    <subfield code="p">B-648375</subfield>
    <subfield code="r">2017-04-03 00:00:00</subfield>
    <subfield code="t">1</subfield>
    <subfield code="v">260.00</subfield>
    <subfield code="y">EN</subfield>
  </datafield>
  <datafield tag="952" ind1=" " ind2=" ">
    <subfield code="0">4</subfield>
    <subfield code="1">0</subfield>
    <subfield code="4">0</subfield>
    <subfield code="7">0</subfield>
    <subfield code="8">NFIC</subfield>
    <subfield code="a">BL3</subfield>
    <subfield code="b">BL3</subfield>
    <subfield code="d">2017-04-03</subfield>
    <subfield code="e">BPPD/EN/2016-17/305/24.11.2016/SP/2166/7.12.2016/2.1.2017</subfield>
    <subfield code="g">260.00</subfield>
    <subfield code="l">0</subfield>
    <subfield code="o">891.4393 JEE</subfield>
    <subfield code="p">B-648376</subfield>
    <subfield code="r">2017-04-03 00:00:00</subfield>
    <subfield code="t">1</subfield>
    <subfield code="v">260.00</subfield>
    <subfield code="y">EN</subfield>
    <subfield code="z">Written off on approval by DLB (By Circulation); dtd 20.12.2022</subfield>
  </datafield>
  <datafield tag="952" ind1=" " ind2=" ">
    <subfield code="0">0</subfield>
    <subfield code="1">0</subfield>
    <subfield code="4">0</subfield>
    <subfield code="7">0</subfield>
    <subfield code="8">NFIC</subfield>
    <subfield code="a">NR</subfield>
    <subfield code="b">NR</subfield>
    <subfield code="d">2017-04-03</subfield>
    <subfield code="e">BPPD/EN/2016-17/305/24.11.2016/SP/2166/7.12.2016/2.1.2017</subfield>
    <subfield code="g">260.00</subfield>
    <subfield code="l">0</subfield>
    <subfield code="o">891.4393 JEE</subfield>
    <subfield code="p">B-648377</subfield>
    <subfield code="r">2017-04-03 00:00:00</subfield>
    <subfield code="t">1</subfield>
    <subfield code="v">260.00</subfield>
    <subfield code="y">EN</subfield>
  </datafield>
  <datafield tag="952" ind1=" " ind2=" ">
    <subfield code="0">0</subfield>
    <subfield code="1">0</subfield>
    <subfield code="4">0</subfield>
    <subfield code="7">0</subfield>
    <subfield code="8">NFIC</subfield>
    <subfield code="a">BN</subfield>
    <subfield code="b">BN</subfield>
    <subfield code="d">2017-04-03</subfield>
    <subfield code="e">BPPD/EN/2016-17/305/24.11.2016/SP/2166/7.12.2016/2.1.2017</subfield>
    <subfield code="g">260.00</subfield>
    <subfield code="l">0</subfield>
    <subfield code="o">891.4393 JEE</subfield>
    <subfield code="p">B-648378</subfield>
    <subfield code="r">2017-04-03 00:00:00</subfield>
    <subfield code="t">1</subfield>
    <subfield code="v">260.00</subfield>
    <subfield code="y">EN</subfield>
  </datafield>
  <datafield tag="952" ind1=" " ind2=" ">
    <subfield code="0">0</subfield>
    <subfield code="1">0</subfield>
    <subfield code="4">0</subfield>
    <subfield code="7">0</subfield>
    <subfield code="8">NFIC</subfield>
    <subfield code="a">BL4</subfield>
    <subfield code="b">BL4</subfield>
    <subfield code="d">2017-04-03</subfield>
    <subfield code="e">BPPD/EN/2016-17/305/24.11.2016/SP/2166/7.12.2016/2.1.2017</subfield>
    <subfield code="g">260.00</subfield>
    <subfield code="l">0</subfield>
    <subfield code="o">891.4393 JEE</subfield>
    <subfield code="p">B-648379</subfield>
    <subfield code="r">2017-04-03 00:00:00</subfield>
    <subfield code="t">1</subfield>
    <subfield code="v">260.00</subfield>
    <subfield code="y">EN</subfield>
  </datafield>
  <datafield tag="952" ind1=" " ind2=" ">
    <subfield code="0">0</subfield>
    <subfield code="1">0</subfield>
    <subfield code="4">0</subfield>
    <subfield code="7">0</subfield>
    <subfield code="8">NFIC</subfield>
    <subfield code="a">AV</subfield>
    <subfield code="b">AV</subfield>
    <subfield code="d">2017-05-29</subfield>
    <subfield code="e">BPPD/EN/2016-17/AV/16-17/471/15.2.2017/SP/2241A/25.2.2017/ 6.3.2017</subfield>
    <subfield code="g">260.00</subfield>
    <subfield code="l">0</subfield>
    <subfield code="o">891.4393 JEE</subfield>
    <subfield code="p">B-664745</subfield>
    <subfield code="r">2017-05-29 00:00:00</subfield>
    <subfield code="t">1</subfield>
    <subfield code="v">260.00</subfield>
    <subfield code="w">2017-05-29</subfield>
    <subfield code="y">EN</subfield>
  </datafield>
</record>
